000 01254nam a2200325 a 4500
001 1155
005 20231103133727.0
020 _a033500712005
040 _aDLC
_cDLC
_dDLC
_beng
050 0 0 _aPZ7.S9819
082 0 0 _a813.54
100 1 _aSwindler, Lauren Collier.
245 1 0 _aBig Bird brings spring to Sesame Street /
_cby Lauren Collier Swindler ; illustrated by Marsha Winborn ; featuring Jim Henson's Sesame Street Muppets.
260 _a[New York] :
_bWestern Publishing Company, Inc.,
_c1985.
300 _a23 unnumbered page:
_c20 cm
490 0 _aA Little golden book
500 _a"Created in cooperation with the Children's Television Workshop."
500 _a"A Sesame Street/Golden Press book."
505 _aI
520 _aBig Bird plans to brighten up the dreary winter scenery along Sesame Street with the six flowers he has bought, but each friend he meets seems to need cheering up more than he does.
521 _a450
_bLexile
521 _aI
_bRaz-Plus
650 1 _aFlowers
_xFiction.
650 1 _aWinter
_xFiction.
650 1 _aPuppets
_xFiction.
700 1 _aWinborn, Marsha,
_eillustrator.
700 1 _aHenson, Jim.
906 _a7
_bcbc
_corignew
_d2
_eopcn
_f19
_gy-gencatlg
942 _2ddc
_cBK
_n0
999 _c1155
_d1155